|
|
|
|
| LEADER |
01168nam a2200301 i 4500 |
| 001 |
41869 |
| 003 |
BD-DhAAL |
| 005 |
20231011114232.0 |
| 008 |
760730s1977 mau b 001 0 eng |
| 010 |
|
|
|a 76027826
|
| 020 |
|
|
|a 020505627X
|
| 040 |
|
|
|a DLC
|c DLC
|d DLC
|d BD-DhAAL
|
| 050 |
0 |
0 |
|a LB1055
|b .C556 1977
|
| 082 |
0 |
0 |
|a 370.15
|2 21
|
| 245 |
1 |
0 |
|a Contemporary issues in educational psychology /
|c edited by Harvey F. Clarizio, Robert C. Craig and William A. Mehrens.
|
| 250 |
|
|
|a Third edition.
|
| 260 |
|
|
|a Boston :
|b Allyn and Bacon,
|c c1977.
|
| 300 |
|
|
|a xiii, 338 pages ;
|c 24 cm.
|
| 504 |
|
|
|a Includes bibliographies and indexes.
|
| 541 |
|
|
|a Complimentary copy from BIED
|e 41869
|
| 650 |
|
0 |
|a Educational psychology.
|
| 700 |
1 |
|
|a Craig, Robert C.
|9 55694
|
| 700 |
1 |
|
|a Clarizio, Harvey F.,
|9 55693
|
| 700 |
1 |
|
|a Mehrens, William A.
|9 55695
|
| 852 |
|
|
|a Ayesha Abed Library
|c BIED Collection
|
| 942 |
|
|
|2 ddc
|c BK
|
| 999 |
|
|
|c 46221
|d 46221
|
| 952 |
|
|
|0 0
|1 0
|2 ddc
|4 0
|6 370_150000000000000_CON
|7 0
|9 74557
|a BRACUL
|b BRACUL
|c GEN
|d 2023-10-11
|e Complimentary copy from BIED
|l 0
|o 370.15 CON
|p 3010041869
|r 2023-10-11
|t 1
|w 2023-10-11
|y BK
|x Transferred from BIED to General Stacks
|